Culture Générale - Série 2024 - Statistiques

Statistiques générales
  • Ce quiz a été pris 127 fois
  • Le résultat moyen est 5 sur 10
Statistiques - réponses
Question Réponse % Correct
Cet oiseau a la réputation d'être voleur et bavard pie
95%
Quel mot anglais signifiant "vitesse" désigne quelqu'un d'hyperactif ? speed
90%
Quatre présidents américains sont représentés en sculptures sur le mont .... Rushmore
81%
La psalliote ou agaric est un champignon cultivé de façon industrielle en champignonnière sous le nom de champignon de..... voir photo Paris
80%
Quelle île est située entre l'Italie et la Corse distante de 50 km ? Elbe
43%
De quel pays Safi est-elle une ville portuaire ? Maroc
43%
Sous quel nom connaissait-on mieux l'acteur Jules Muraire (1883-1946) ? Raimu
35%
Bassin rectangulaire destiné principalement à l'accostage des cargos darse
5%
L'orpin des jardins est une plante appelée également sédum d'.... automne
4%
Exploitation agricole petite ou moyenne (moins de 10 à 15 ha) de l'ouest de la France - 8 lettres commençant par " b " borderie
1%
Aucun quiz correspondant
Distribution des résultats
% des personnes avec chaque résultat
Percentile par nombre de réponses
Votre historique - résultats
Vous n’avez pas pris ce quiz